<?xml version="1.0" encoding="UTF-8"?>
<record
    xmlns:xsi="http://www.w3.org/2001/XMLSchema-instance"
    xsi:schemaLocation="http://www.loc.gov/MARC21/slim http://www.loc.gov/standards/marcxml/schema/MARC21slim.xsd"
    xmlns="http://www.loc.gov/MARC21/slim">

  <leader>00960nab a2200289 uc4500</leader>
  <controlfield tag="001">746911</controlfield>
  <controlfield tag="005">20260429101349.0</controlfield>
  <controlfield tag="008">020605e20020301                    spa  </controlfield>
  <datafield tag="035" ind1=" " ind2=" ">
    <subfield code="a">746911</subfield>
  </datafield>
  <datafield tag="035" ind1=" " ind2=" ">
    <subfield code="a">(OCoLC)819948542</subfield>
  </datafield>
  <datafield tag="040" ind1=" " ind2=" ">
    <subfield code="c">comduadb</subfield>
  </datafield>
  <datafield tag="041" ind1=" " ind2=" ">
    <subfield code="a">spa</subfield>
  </datafield>
  <datafield tag="100" ind1="1" ind2="0">
    <subfield code="a">Tosti, Donald T.</subfield>
    <subfield code="4">aut</subfield>
    <subfield code="e">aut</subfield>
    <subfield code="9">358993</subfield>
  </datafield>
  <datafield tag="245" ind1="1" ind2="0">
    <subfield code="a">Como crear una marca desde dentro</subfield>
  </datafield>
  <datafield tag="650" ind1=" " ind2="7">
    <subfield code="a">Comunicaci&#xF3;n en administraci&#xF3;n</subfield>
    <subfield code="2">lemb</subfield>
    <subfield code="9">35175</subfield>
  </datafield>
  <datafield tag="650" ind1=" " ind2=" ">
    <subfield code="a">Branding</subfield>
    <subfield code="9">99437</subfield>
  </datafield>
  <datafield tag="650" ind1=" " ind2="7">
    <subfield code="a">Servicio al cliente</subfield>
    <subfield code="2">lemb</subfield>
    <subfield code="9">66022</subfield>
  </datafield>
  <datafield tag="650" ind1=" " ind2=" ">
    <subfield code="a">Sistemas de gesti&#xF3;n</subfield>
    <subfield code="9">67840</subfield>
  </datafield>
  <datafield tag="650" ind1=" " ind2="7">
    <subfield code="a">Liderazgo</subfield>
    <subfield code="2">lemb</subfield>
    <subfield code="9">920</subfield>
  </datafield>
  <datafield tag="650" ind1=" " ind2=" ">
    <subfield code="a">Publicidad comercial</subfield>
    <subfield code="9">58173</subfield>
  </datafield>
  <datafield tag="650" ind1=" " ind2="7">
    <subfield code="a">Planificaci&#xF3;n empresarial</subfield>
    <subfield code="2">lemb</subfield>
    <subfield code="9">29924</subfield>
  </datafield>
  <datafield tag="650" ind1=" " ind2="7">
    <subfield code="a">Mercadeo</subfield>
    <subfield code="2">lemb</subfield>
    <subfield code="9">1171</subfield>
  </datafield>
  <datafield tag="650" ind1=" " ind2=" ">
    <subfield code="a">Registro de marca</subfield>
    <subfield code="9">72889</subfield>
  </datafield>
  <datafield tag="700" ind1="1" ind2="0">
    <subfield code="a">Stotz, Roger D.</subfield>
    <subfield code="4">aut</subfield>
    <subfield code="e">aut</subfield>
    <subfield code="9">358994</subfield>
  </datafield>
  <datafield tag="773" ind1="0" ind2=" ">
    <subfield code="t">Harvard Deusto Business Review (Barcelona)</subfield>
    <subfield code="g">N&#xFA;mero 107, Marzo-Abril 2002, p. 46-54</subfield>
    <subfield code="w">373791</subfield>
    <subfield code="z">0210900X</subfield>
    <subfield code="0">112195</subfield>
  </datafield>
  <datafield tag="942" ind1=" " ind2=" ">
    <subfield code="c">ARIMP</subfield>
  </datafield>
  <datafield tag="999" ind1=" " ind2=" ">
    <subfield code="c">244514</subfield>
    <subfield code="d">244514</subfield>
  </datafield>
</record>
